Quizzes
Events
Quiz Creation
Community
Videos
Private Events
Remove Ads
Sign In
Join for FREE
Feedback
Dark Mode
Quiz Categories
Sports
Geography
Music
Movies
Television
Just For Fun
Miscellaneous
History
Literature
Language
Science
Gaming
Entertainment
Religion
Holiday
For Kids
Quiz Lab
Recent
Popular Today
Quiz Kudos Today
Editor Picks
Curator Picks
Quizzes by...
Day
Popularity
Type
Ratings
Length
Year
Community
Subscriptions
Recent Discussions
Orange Saloon
Badges
Playlists
Quests
Create
Leaderboards
Showdown
Live 5
Trivia Bingo
Activity
Puzzle Library
Sporcle Events
Private Events
Virtual Trivia
Globe League
Become a Host
Pub Owners
SporcleCon
Opinionation
Our Games
Videos
Blog
Mobile Apps
Partnerships
Remove Ads and Go Orange
Feedback
Sports
Athletes
MLB
NBA
NHL
NFL
Soccer
Sports Teams
WWE
NCAA
Football
Premier League
Basketball
Baseball
Hockey
Golf
Tennis
Cricket
Rugby
Auto Racing
Olympics
World Cup
Sports
Athletes
MLB
NBA
NHL
NFL
Soccer
Sports Teams
WWE
NCAA
Football
Premier League
Basketball
Baseball
Hockey
Golf
Tennis
Cricket
Rugby
Auto Racing
Olympics
World Cup
Random Quiz
Search Sporcle
×
Quiz Lab
Quiz Lab
Sports
Football
Type in answers that appear in a list
Type in answers that appear in a list
Classic
Best Score? Go Orange.
Liverpool FC European Cup/Champions League Winners Stats
Can you name the Liverpool FC European Cup/Champions League Winners?
By
MarioDooley
10m
54 Questions
372 Plays
372 Plays
372 Plays
Comments
Comments
Give Quiz Kudos
Give Quiz Kudos
-
- Ratings
hide this ad
More Info
Replay
Link that replays current quiz
Next Quiz
Link to next quiz in quiz playlist
You Got
0%
They Got
Avg Score
66%
Avg Friend Score
Upgrade to see
Score Distribution
Jump to the score distribution portion of the page
Score
0/54
Timer
10:00
0
Plays Today
Hint
Answer
% Correct
Goalkeeper
Jerzey Dudek
97.3%
Midfielder
Steven Gerrard
96.2%
Forward
Kenny Dalglish
92.7%
Goalkeeper
Alisson
92.4%
Defender
Trent Alexander Arnold
91.5%
Defender
Andy Robertson
91.5%
Defender
Jamie Carragher
91.4%
Midfielder
Xabi Alonso
91.1%
Forward
Mohamed Salah
90.7%
Forward
Sadio Mane
90.7%
Forward
Ian Rush
90.3%
Goalkeeper
Ray Clemence
90.1%
Midfielder
Jordan Henderson
89%
Goalkeeper
Bruce Grobbelaar
88.2%
Defender
Sami Hyypia
88.2%
Forward
Milan Baros
87.9%
Midfielder
Georginio Wijnaldum
87.3%
Forward
Roberto Firmino
87.3%
Defender
Alan Hansen
87.1%
Midfielder
Dietmar Hamann
86.6%
Midfielder
Graeme Souness
86.3%
Forward
Vladimir Smicer
86%
Forward
Kevin Keegan
85.5%
Defender
Steve Finnan
84.9%
Forward
Harry Kewell
84.7%
Midfielder
Ray Kennedy
84.4%
Defender
Alan Kennedy
84.4%
Hint
Answer
% Correct
Defender
Phil Neal
84.1%
Forward
Divock Origi
83.9%
Midfielder
James Milner
83.9%
Midfielder
John Arne Riise
83.6%
Defender
Djimi Traore
82.5%
Forward
Djibril Cisse
82.5%
Defender
Joel Matip
82.2%
Defender
Phil Thompson
81.5%
Defender
Emlyn Hughes
80.6%
Midfielder
Luis Garcia
80.4%
Midfielder
Fabinho
78.8%
Defender
Mark Lawrenson
78.8%
Defender
Joe Gomez
75.4%
Midfielder
Terry McDermott
75%
Defender
Tommy Smith
74.2%
Midfielder
Ian Callaghan
71.8%
Forward
Steve Heighway
71.8%
Midfielder
Sammy Lee
71.2%
Midfielder
Ronnie Whelan
71%
Forward
David Johnson
70.4%
Defender
Joey Jones
69.9%
Midfielder
Craig Johnston
69.9%
Forward
David Fairclough
69.4%
Defender
Steve Nicol
69.1%
Midfielder
Jimmy Case
68.5%
Forward
Michael Robinson
54.8%
Defender
Virgl van Dijk
31.4%
Quiz Playlist
Details
Report
Send in Message
Add To Playlist
More Info:
Name all the players who played in the 5 European Cup & Champions League Final wins for Liverpool
Classic:
Type in answers that appear in a list
Last Updated: Jul 20, 2017
Quiz Scoreboard
CHALLENGE
Sign Up to Join the Scoreboard
Show All
Scores
Hide
Comments
May contain spoilers
Recently Published
Billboard Blitz: Fleetwood Mac
by CooCooCachoo
Music
15s
Presidents Visiting Landmarks
by Hejman
History
7m
An Introduction to Baseball
by treessimontrees
Sports
5m
More to Explore
Quiz From the Vault
Featured Blog Post
Where Did the Easter Bunny Come From?
hide this ad
You Might Also Like...
Tags
Football Quiz
European Cup
Liverpool
UEFA Champions' League
Today's Top Quizzes in Sports
Browse Sports
hide this ad
Today's Top Quizzes in Football
Browse Football
Top Contributed Quizzes in Sports
1
Les meilleurs buteurs des matchs entre le PSG et l’OM
2
2022 World Cup Stars
3
FIFA Club World Cup Champions
4
Les entraîneurs de l'OM et du PSG au 21e siècle
5
Criteria MLB: Left Handed Sluggers
6
AFC Teams Reveal (Wrong Answers Minefield)
7
5-to-1: UK Sports Teams
8
Name the Premier League winners with different clubs
9
5-to-1: FBS Animal Nicknames
10
Players with Multiple 50 Home Run Seasons
Explore More
Trending Topics
Anime
Marvel
NBA
Harry Potter
Crossword
Kpop
Disney
Pokémon
WWE
Puzzle
Country
The Office
Song
Soccer
NFL
hide this ad
More By:
MarioDooley
Quiz
Plays
Rating
Category
Featured
Created
Liverpool FC European Cup/Champions League Winners
372
Sports
Jul 16, 2017
Liverpool FC FA Cup Winners
85
Sports
Oct 22, 2023
Go to Creator's Profile
Score Distribution
Quiz Creator Spotlight
MarioDooley
Follow
Send a Message
Quizzes Created
-
Created Quiz Play Count
-
More By This Creator
Popular Quizzes Today
1
Find the US States - No Outlines Minefield
2
Find the Countries of Europe - No Outlines Minefield
3
The Countries of the World
4
Find the US States
5
Risky Map Clicking: Biggest States A-Z
6
US States
7
Popular People in 1961
8
Movies - When Are They Set?
More Sports Quizzes
NHL 600+ Goal Scorers
Quiz Lab
Trending Quizzes
Risky Map Clicking: Least Populous States A-Z
1-10 Letter G Words
1-10 Letter F Words
Risky Map Clicking: Next State Alphabetically
Click the Washington State Counties! (Map)
Recently Updated
Leaping Animals
pecheneg
Reality TV Shows (A-Z)
bhenderson79
Rickey Henderson's Hall of Fame Teammates
pecheneg
Champions League XIs: Arsenal
pecheneg
Quick Pick: Celebrities in WWE's Hall of Fame
aduchscher
A-Z Keypad Blitz II
pecheneg
Multiple Oscar Actors
pecheneg
Mystery Phrase Blitz: Oscar 'Best Actors'
pecheneg
F. Scott Fitzgerald Novels
LTH
Pick 3 Villains
ddd62291
Trending Topics
Harry Potter
NBA
Disney
Anime
Kpop
Crossword
Marvel
Pokémon
Song
Soccer
NFL
Puzzle
Country
The Office
WWE
Your Account Isn't Verified!
In order to create a playlist on Sporcle, you need to verify the email address you used during registration. Go to your
Sporcle Settings
to finish the process.
Report this User
Report this user for behavior that violates our
Community Guidelines
.
Details:
Send Report
Go to the Sporcle.com Mobile Site →
Comments